Statistics for Most Keystrokes - 15 Second Sprint

Click here to take the quiz!

General Stats

  • This quiz has been taken 402 times
  • The average score is 96 of 160

Answer Stats

letter% Correct
A
100%
B
98%
A
97%
A
96%
B
96%
B
95%
A
94%
A
94%
B
94%
A
92%
A
92%
B
92%
B
92%
A
90%
B
90%
B
89%
A
88%
A
88%
B
88%
B
88%
A
87%
A
87%
A
87%
A
87%
B
87%
B
87%
B
87%
A
85%
B
85%
A
84%
A
84%
A
84%
B
84%
B
84%
B
84%
B
84%
A
83%
A
83%
B
83%
A
81%
B
81%
A
80%
A
80%
A
80%
B
80%
B
80%
B
80%
B
80%
A
79%
A
79%
A
79%
A
79%
B
79%
B
79%
B
79%
B
79%
A
78%
A
78%
B
78%
B
77%
A
76%
A
76%
B
76%
B
75%
A
74%
A
74%
B
74%
B
73%
A
72%
A
71%
B
71%
A
69%
B
69%
B
69%
A
66%
B
66%
A
65%
A
65%
A
65%
B
65%
B
65%
B
64%
A
62%
A
62%
B
62%
B
62%
A
61%
A
60%
B
60%
B
60%
A
58%
B
58%
A
57%
A
56%
B
56%
A
55%
B
55%
A
54%
B
54%
B
52%
A
51%
B
50%
A
49%
B
49%
A
47%
A
47%
B
47%
A
46%
B
46%
B
46%
A
44%
B
44%
A
42%
B
41%
A
40%
B
39%
A
38%
B
38%
A
37%
A
36%
A
36%
B
36%
B
36%
B
35%
A
33%
A
32%
A
32%
B
32%
B
32%
B
31%
A
30%
A
30%
B
30%
B
29%
A
27%
B
27%
A
26%
B
26%
A
24%
B
24%
A
23%
A
22%
A
22%
B
22%
B
22%
B
22%
A
21%
A
21%
B
21%
B
21%
A
19%
B
19%
A
18%
A
18%
B
18%
B
18%
A
17%
A
17%
B
17%
B
17%

Score Distribution

Percentile by Number Answered

Percent of People with Each Score

Your Score History

You have not taken this quiz